=LDR 00000nam 2200000 4500 =001 INLIS000000000026235 =005 20130612124704 =008 ***********************************Ind** =035 ##$$0010-061300000026235 =041 ##$$a Ind =082 ##$$a 310 =090 ##$$a 310, Har s =100 ##$$a Haryanto =245 ##$$a Petunjuk guru statistik, Haryanto =260 ##$$a 1992 $b Jakarta =300 ##$$a xi, 10 hlm, ilus, 21 cm =650 ##$$a Statistik =850 ##$$a NBPNMAT